000 00510nam a2200181Ia 4500
003 GCL
008 140319s9999 xx 000 0 ara d
040 _aGCL /
_cGCL
082 0 4 _aط
_b591
_bع ح
100 1 _aعواطف على
245 1 0 _aالحيوانات فى مئة رقم قياسى /
_cعواطف على
300 _a35 ص
490 _aالسلسلة العلمية
_v0
650 0 4 _aالقصص القصيرة
650 0 4 _aالاطفال
650 0 4 _aقصص الاطفال
942 _2ddc
_cBK
999 _c51448
_d51448